000 00584nam a2200181Ia 4500
003 0100
005 20211103093812.0
008 130303s9999 xx 000 0 und d
020 _a0872201015
040 _cARRUPELIB
050 _aB808.5.A4 1990
245 _aClassics of analytic philosophy
_c/edited by Robert Ammerman R., Emeritus Professor University of Wisconsin
260 _bHackett Publishing Company Inc.
_aIndianapolis
_c1990.
300 _aix, 413p,;
_c 24cm.
650 _aAnalysis (Philosophy)
700 _aAmmerman, Robert R. (ed.)
_933566
942 _2lcc
_cMONOGRAPH
999 _c39401
_d39401